[Event "Europe Echecs Blitz Sept op"]
[Site "Europe Echecs INT"]
[Date "2021.09.19"]
[Round "6"]
[White "Alberola, Raphael"]
[Black "Radoman, Emmanuel"]
[Result "0-1"]
[WhiteElo "1627"]
[BlackElo "1966"]
[PlyCount "146"]
[EventDate "2021.09.19"]
[EventType "swiss (blitz)"]
[EventRounds "11"]
[EventCountry "FRA"]
[SourceTitle "CBM 204 Extra"]
[Source "ChessBase"]
[SourceDate "2021.11.30"]
[SourceVersion "1"]
[SourceVersionDate "2021.11.30"]
[SourceQuality "1"]

1. e4 d6 2. d4 Nf6 3. Nc3 g6 4. f3 c6 5. Be3 b5 6. Qd2 Nbd7 7. 0-0-0 Nb6 8. g4 Bb7 9. h4 h5 10. g5 Nfd7 11. Bh3 Qc7 12. Kb1 Nc4 13. Qf2 Nxe3 14. Qxe3 0-0-0 15. Nge2 Kb8 16. Rc1 Bg7 17. d5 a6 18. dxc6 Bxc6 19. Rhd1 Bb7 20. Nd5 Bxd5 21. Rxd5 Ne5 22. b3 e6 23. Rdd1 Rc8 24. Bg2 Rhd8 25. f4 Nc6 26. c4 Qa5 27. cxb5 axb5 28. e5 d5 29. Nd4 Nb4 30. Qe2 Bf8 31. Qxb5+ Qxb5 32. Nxb5 Kb7 33. Rxc8 Rxc8 34. Nd4 Na6 35. Kb2 Nc5 36. a3 Be7 37. Bf3 Kb6 38. Be2 Nd7 39. Rc1 Rxc1 40. Kxc1 Nc5 41. Kb2 Ne4 42. b4 Ng3 43. Bf3 Nf1 44. Kc3 Ne3 45. a4 Nc4 46. Be2 Ne3 47. a5+ Kb7 48. b5 Bc5 49. Nc6 d4+ 50. Kb3 Nd5 51. Nd8+ Kc8 52. Nxf7 Nxf4 53. Bd1 d3 54. Nh8 d2 55. Kc4 Be3 56. b6 Kb7 57. Kb5 Nd5 58. a6+ Kb8 59. b7 Nc3+ 60. Kc6 Nxd1 61. Nxg6 Nc3 62. Nf8 d1Q 63. Nd7+ Ka7 64. b8Q+ Kxa6 65. Qb7+ Ka5 66. Qa8+ Kb4 67. Qb7+ Ka3 68. Nc5 Qd5+ 69. Kb6 Na4+ 70. Ka6 Nxc5+ 71. Kb5 Nxb7+ 72. Ka6 Qxe5 73. g6 Qg7 0-1

[Event "Europe Echecs Blitz Sept op"]
[Site "Europe Echecs INT"]
[Date "2021.09.19"]
[Round "5"]
[White "Radoman, Emmanuel"]
[Black "Flores Quillas, Diego Saul Rodrigo"]
[Result "0-1"]
[WhiteElo "1966"]
[BlackElo "2245"]
[PlyCount "60"]
[EventDate "2021.09.19"]
[EventType "swiss (blitz)"]
[EventRounds "11"]
[EventCountry "FRA"]
[SourceTitle "CBM 204 Extra"]
[Source "ChessBase"]
[SourceDate "2021.11.30"]
[SourceVersion "1"]
[SourceVersionDate "2021.11.30"]
[SourceQuality "1"]

1. e4 c5 2. Nc3 Nc6 3. g3 g6 4. Bg2 Bg7 5. d3 d6 6. Be3 e5 7. Qd2 Nge7 8. Bh6 0-0 9. h4 Bxh6 10. Qxh6 f6 11. Qd2 Be6 12. h5 g5 13. f4 h6 14. Nge2 Nd4 15. Nd1 Bg4 16. Nxd4 cxd4 17. Nf2 Be6 18. Bh3 Qd7 19. 0-0-0 Rac8 20. Kb1 Rc5 21. Bxe6+ Qxe6 22. fxg5 fxg5 23. Rhf1 Rcc8 24. Qe2 Kg7 25. Ng4 Nc6 26. Rf2 Nb4 27. b3 Rxc2 28. Qxc2 Nxc2 29. Rxf8 Kxf8 30. Kxc2 Qxg4 0-1

[Event "Europe Echecs Blitz Sept op"]
[Site "Europe Echecs INT"]
[Date "2021.09.19"]
[Round "8"]
[White "Sureau, Corentin"]
[Black "Radoman, Emmanuel"]
[Result "1-0"]
[WhiteElo "1742"]
[BlackElo "1966"]
[PlyCount "97"]
[EventDate "2021.09.19"]
[EventType "swiss (blitz)"]
[EventRounds "11"]
[EventCountry "FRA"]
[SourceTitle "CBM 204 Extra"]
[Source "ChessBase"]
[SourceDate "2021.11.30"]
[SourceVersion "1"]
[SourceVersionDate "2021.11.30"]
[SourceQuality "1"]

1. e4 d6 2. d4 Nf6 3. Nc3 g6 4. Bc4 Bg7 5. Nf3 c6 6. a4 0-0 7. Bg5 h6 8. Bh4 g5 9. Bg3 Bg4 10. Qd2 e6 11. e5 dxe5 12. Nxe5 Bf5 13. h4 g4 14. 0-0-0 Nbd7 15. h5 Nxe5 16. Bxe5 b5 17. Bd3 bxa4 18. Bxf5 exf5 19. Nxa4 Ne4 20. Qf4 Qa5 21. Qxf5 Qxa4 22. Qxe4 Qa1+ 23. Kd2 Qxb2 24. Rb1 Qa3 25. Rb3 Qa5+ 26. c3 Bxe5 27. dxe5 Rad8+ 28. Kc2 Qa2+ 29. Rb2 Rd2+ 30. Kxd2 Qxb2+ 31. Ke3 Qxc3+ 32. Kf4 Rd8 33. Kf5 Rd4 34. Qe3 Qc4 35. Qxh6 Rd5 36. Qg5+ Kf8 37. Qh6+ Ke8 38. Qh8+ Kd7 39. Qf6 Qd3+ 40. Kg5 Qd2+ 41. Kxg4 Rd4+ 42. f4 Qe2+ 43. Kf5 Qd3+ 44. Kg5 Qg3+ 45. Kh6 Rxf4 46. Qg5 Qxg5+ 47. Kxg5 Re4 48. Kf5 Re2 49. h6 1-0

[Event "Tetraktys Concept Mgmt"]
[Site "Europe Echecs INT"]
[Date "2021.06.06"]
[Round "6"]
[White "Radoman, Emmanuel"]
[Black "Berkovich, Mark A"]
[Result "0-1"]
[WhiteElo "1962"]
[BlackElo "2324"]
[PlyCount "56"]
[EventDate "2021.06.06"]
[EventType "swiss (blitz)"]
[EventRounds "11"]
[EventCountry "FRA"]
[SourceTitle "CBM 202 Extra"]
[Source "ChessBase"]
[SourceDate "2021.07.31"]
[SourceVersion "1"]
[SourceVersionDate "2021.07.31"]
[SourceQuality "1"]

1. e4 e5 2. Nf3 Nc6 3. Nc3 g6 4. Bc4 Bg7 5. d3 Nge7 6. a3 0-0 7. 0-0 d6 8. h3 h6 9. Re1 Kh7 10. Nd5 Nxd5 11. Bxd5 Ne7 12. Ba2 f5 13. exf5 Nxf5 14. Bd2 c6 15. Bc3 Qf6 16. d4 exd4 17. Bd2 Bd7 18. Rb1 Nh4 19. Nxh4 Qxf2+ 20. Kh1 Qxh4 21. Be6 Bxe6 22. Rxe6 Be5 23. Qg1 Rf7 24. Rf1 Raf8 25. Rxf7+ Rxf7 26. c3 Qg3 27. Be1 Qd3 28. cxd4 Bxd4 0-1

[Event "C'Chartres Blitz op April"]
[Site "Europe Echecs INT"]
[Date "2021.04.10"]
[Round "9"]
[White "Fondrat, Johan"]
[Black "Radoman, Emmanuel"]
[Result "1/2-1/2"]
[WhiteElo "1509"]
[BlackElo "1962"]
[PlyCount "68"]
[EventDate "2021.04.10"]
[EventType "swiss (blitz)"]
[EventRounds "11"]
[EventCountry "FRA"]
[SourceTitle "CBM 201 Extra"]
[Source "ChessBase"]
[SourceDate "2021.05.31"]
[SourceVersion "1"]
[SourceVersionDate "2021.05.31"]
[SourceQuality "1"]

1. e4 d6 2. d4 Nf6 3. Nc3 g6 4. g3 Bg7 5. Bg2 0-0 6. Nge2 c5 7. dxc5 dxc5 8. Qxd8 Rxd8 9. 0-0 Nc6 10. Be3 Nd4 11. Bxd4 cxd4 12. Nd5 e6 13. Nxf6+ Bxf6 14. f4 Rb8 15. e5 Be7 16. Rfd1 Bc5 17. Kh1 b6 18. c3 d3 19. Nc1 Ba6 20. Bf1 Bb7+ 21. Bg2 d2 22. Nb3 Be3 23. Bxb7 Rxb7 24. Kg2 Rbd7 25. Kf3 Bc5 26. Ke2 Rd3 27. Rxd2 Re3+ 28. Kf1 Rxd2 29. Nxd2 Rd3 30. Rd1 Kg7 31. Ke2 Re3+ 32. Kf1 Rd3 33. Ke2 Re3+ 34. Kf1 Rd3 1/2-1/2

[Event "C'Chartres Blitz op April"]
[Site "Europe Echecs INT"]
[Date "2021.04.10"]
[Round "2"]
[White "Radoman, Emmanuel"]
[Black "Sonis, Francesco"]
[Result "0-1"]
[WhiteElo "1962"]
[BlackElo "2493"]
[PlyCount "54"]
[EventDate "2021.04.10"]
[EventType "swiss (blitz)"]
[EventRounds "11"]
[EventCountry "FRA"]
[SourceTitle "CBM 201 Extra"]
[Source "ChessBase"]
[SourceDate "2021.05.31"]
[SourceVersion "1"]
[SourceVersionDate "2021.05.31"]
[SourceQuality "1"]

1. e4 e5 2. Nf3 Nc6 3. Bb5 a6 4. Ba4 d6 5. c3 g6 6. 0-0 Bg7 7. d4 Bd7 8. Re1 Nf6 9. Nbd2 0-0 10. h3 Re8 11. d5 Ne7 12. Bxd7 Nxd7 13. Nf1 Rf8 14. Bg5 f6 15. Bh4 h6 16. Rc1 Qe8 17. c4 a5 18. a3 a4 19. b4 axb3 20. Qxb3 Nc5 21. Qc3 g5 22. Bg3 f5 23. exf5 Nxf5 24. Qc2 e4 25. N3h2 Nd4 26. Qd1 Nd3 27. Qh5 Qxh5 0-1

[Event "Cappelle Online Blitz op"]
[Site "Europe Echecs INT"]
[Date "2021.03.07"]
[Round "5"]
[White "Alberola, Raphael"]
[Black "Radoman, Emmanuel"]
[Result "1-0"]
[WhiteElo "1664"]
[BlackElo "1962"]
[PlyCount "119"]
[EventDate "2021.03.07"]
[EventType "swiss (blitz)"]
[EventRounds "11"]
[EventCountry "FRA"]
[SourceTitle "CBM 201 Extra"]
[Source "ChessBase"]
[SourceDate "2021.05.31"]
[SourceVersion "1"]
[SourceVersionDate "2021.05.31"]
[SourceQuality "1"]

1. e4 d6 2. d4 Nf6 3. Nc3 g6 4. f3 c6 5. Be3 b5 6. Qd2 Nbd7 7. 0-0-0 Nb6 8. g4 Qc7 9. h4 h5 10. g5 Nfd7 11. f4 Bb7 12. Nf3 0-0-0 13. Kb1 a6 14. Rc1 Bg7 15. Bh3 Kb8 16. Rhd1 Nc4 17. Qd3 Nxe3 18. Qxe3 Nb6 19. b3 c5 20. e5 cxd4 21. Rxd4 dxe5 22. Rxd8+ Rxd8 23. Nxe5 Bxe5 24. fxe5 Nd5 25. Nxd5 Rxd5 26. Re1 e6 27. Bg2 Rc5 28. Bxb7 Kxb7 29. Re2 Rc3 30. Qe4+ Kb8 31. Kb2 Rc5 32. a3 Rd5 33. c4 bxc4 34. bxc4 Rc5 35. Kc3 Qa5+ 36. Kb2 Qb6+ 37. Ka2 Qc7 38. Rb2+ Kc8 39. Qa8+ Kd7 40. Rb7 Rxc4 41. Rxc7+ Rxc7 42. Qxa6 Rc2+ 43. Kb3 Rh2 44. Qb5+ Ke7 45. Qb4+ Ke8 46. Qb8+ Kd7 47. Qd6+ Ke8 48. a4 Rh3+ 49. Kb4 Rxh4+ 50. Kb5 Rg4 51. a5 Rxg5 52. a6 Rg2 53. a7 Rb2+ 54. Kc4 Rc2+ 55. Kd3 Ra2 56. a8Q+ Rxa8 57. Qc6+ Kf8 58. Qxa8+ Kg7 59. Qf3 Kg8 60. Qf6 1-0

[Event "Cappelle Online Blitz op"]
[Site "Europe Echecs INT"]
[Date "2021.03.07"]
[Round "11"]
[White "Farthouat, Titoine"]
[Black "Radoman, Emmanuel"]
[Result "0-1"]
[WhiteElo "1652"]
[BlackElo "1962"]
[PlyCount "40"]
[EventDate "2021.03.07"]
[EventType "swiss (blitz)"]
[EventRounds "11"]
[EventCountry "FRA"]
[SourceTitle "CBM 201 Extra"]
[Source "ChessBase"]
[SourceDate "2021.05.31"]
[SourceVersion "1"]
[SourceVersionDate "2021.05.31"]
[SourceQuality "1"]

1. e4 d6 2. d4 Nf6 3. Nc3 g6 4. f4 Bg7 5. Nf3 0-0 6. Bd3 c5 7. 0-0 Na6 8. Be3 cxd4 9. Nxd4 Nc5 10. e5 Ng4 11. Qe2 Nxe3 12. Qxe3 dxe5 13. fxe5 Nxd3 14. cxd3 e6 15. Ne4 Bxe5 16. Nf3 Bxb2 17. Rab1 Bg7 18. Nfg5 h6 19. Nf3 b6 20. Nfd2 Bd4 0-1

[Event "Cappelle Online Blitz op"]
[Site "Europe Echecs INT"]
[Date "2021.03.07"]
[Round "8"]
[White "Radoman, Emmanuel"]
[Black "Hucault, Christophe"]
[Result "1-0"]
[WhiteElo "1962"]
[BlackElo "1612"]
[PlyCount "109"]
[EventDate "2021.03.07"]
[EventType "swiss (blitz)"]
[EventRounds "11"]
[EventCountry "FRA"]
[SourceTitle "CBM 201 Extra"]
[Source "ChessBase"]
[SourceDate "2021.05.31"]
[SourceVersion "1"]
[SourceVersionDate "2021.05.31"]
[SourceQuality "1"]

1. e4 c5 2. a3 g6 3. Nc3 e6 4. Bc4 Bg7 5. Ba2 Ne7 6. d3 Nbc6 7. Rb1 a6 8. h4 h5 9. Nge2 d5 10. Ng3 Be5 11. Bg5 Bxg3 12. fxg3 0-0 13. g4 f6 14. Bd2 hxg4 15. Qxg4 e5 16. Qg3 Kf7 17. Nxd5 Nxd5 18. Bxd5+ Ke7 19. Qxg6 Be6 20. Bxe6 Kxe6 21. Qf5+ Kd6 22. Be3 Nd4 23. Bxd4 cxd4 24. h5 Qa5+ 25. Ke2 Qa4 26. Rbc1 Rf7 27. h6 Rh8 28. g4 Qd7 29. Qxd7+ Kxd7 30. Rcf1 Ke6 31. Rf5 Rfh7 32. Rhf1 Rxh6 33. c3 dxc3 34. bxc3 Rg6 35. d4 Rh2+ 36. Kd3 Rh3+ 37. Kc4 exd4 38. cxd4 Rxa3 39. d5+ Kf7 40. g5 Ra4+ 41. Kd3 Ra3+ 42. Kd4 Ra4+ 43. Kc5 Rxe4 44. Rxf6+ Rxf6 45. Rxf6+ Kg7 46. Rb6 Re5 47. Rxb7+ Kg6 48. Kd6 Rxg5 49. Ke6 Rg1 50. d6 Re1+ 51. Kd7 Kf6 52. Kc8 Rc1+ 53. Rc7 Rd1 54. d7 Ke7 55. d8Q+ 1-0

[Event "FRA-chT U20 0809"]
[Site "Sautron"]
[Date "2009.01.04"]
[Round "7.9"]
[White "Delale, Vincent"]
[Black "Radoman, Emmanuel"]
[Result "0-1"]
[WhiteElo "1190"]
[BlackElo "1060"]
[PlyCount "84"]
[EventDate "2008.10.??"]
[EventType "team-tourn"]
[EventRounds "11"]
[EventCountry "FRA"]
[SourceTitle "EXT 2010"]
[Source "ChessBase"]
[SourceDate "2010.11.25"]
[SourceVersion "1"]
[SourceVersionDate "2010.11.25"]
[SourceQuality "1"]

1. c4 c5 2. Nc3 Nc6 3. g3 Nf6 4. Bg2 g6 5. e3 Bg7 6. Nge2 0-0 7. 0-0 d6 8. b3 Bg4 9. h3 Bf5 10. d4 a6 11. dxc5 dxc5 12. e4 Qxd1 13. Rxd1 Be6 14. Bb2 Rad8 15. Rxd8 Rxd8 16. Nf4 Bc8 17. Ncd5 Nxd5 18. Bxg7 Nxf4 19. gxf4 Kxg7 20. a3 Nd4 21. b4 b6 22. bxc5 bxc5 23. Rd1 Ne2+ 24. Kf1 Rxd1+ 25. Kxe2 Ra1 26. e5 e6 27. a4 Rxa4 28. Bc6 Rxc4 29. Kf3 f5 30. Kg3 h5 31. Kh4 Kh6 32. Kg3 a5 33. Be8 a4 34. Bb5 Rb4 35. Bd3 a3 36. Bc2 a2 37. Kh4 a1Q 38. f3 Rxf4+ 39. Kg3 Rb4 40. f4 Qc3+ 41. Bd3 h4+ 42. Kxh4 Qe1# 0-1

[Event "FRA-chT U20 0809"]
[Site "Sautron"]
[Date "2009.01.04"]
[Round "7.7"]
[White "Radoman, Emmanuel"]
[Black "Roque, Gaetan"]
[Result "0-1"]
[WhiteElo "1060"]
[BlackElo "1470"]
[PlyCount "122"]
[EventDate "2008.10.??"]
[EventType "team-tourn"]
[EventRounds "11"]
[EventCountry "FRA"]
[SourceTitle "EXT 2010"]
[Source "ChessBase"]
[SourceDate "2010.11.25"]
[SourceVersion "1"]
[SourceVersionDate "2010.11.25"]
[SourceQuality "1"]

1. e4 c6 2. d4 d5 3. Nc3 dxe4 4. Nxe4 Nf6 5. Nxf6+ exf6 6. Nf3 g6 7. Bf4 Bg7 8. Qd2 0-0 9. Bh6 Re8+ 10. Be2 Bh8 11. 0-0 Bf5 12. Rfe1 Bg4 13. h3 Bxf3 14. Bxf3 Rxe1+ 15. Rxe1 Nd7 16. d5 Ne5 17. Rd1 Nxf3+ 18. gxf3 cxd5 19. Qxd5 Qxd5 20. Rxd5 f5 21. f4 Re8 22. Rd7 Rb8 23. h4 Bxb2 24. c4 Bf6 25. Bg5 Kg7 26. Kg2 Bxg5 27. hxg5 Rc8 28. Rxb7 Rxc4 29. Kg3 Ra4 30. Rb2 Ra3+ 31. f3 h5 32. Rc2 h4+ 33. Kxh4 Rxf3 34. Rc4 Ra3 35. Rc2 Ra4 36. Rf2 f6 37. Rg2 Rxf4+ 38. Kh3 fxg5 39. Rxg5 Rf3+ 40. Kh4 Rf2 41. Rg3 Rxa2 42. Kg5 Ra4 43. Rg2 Rg4+ 44. Rxg4 fxg4 45. Kxg4 Kf6 46. Kf4 a5 47. Ke3 Kf5 48. Kd2 Kf4 49. Kd1 g5 50. Ke2 a4 51. Kf2 a3 52. Ke2 a2 53. Kd3 a1Q 54. Kc4 Qd1 55. Kc3 g4 56. Kc4 g3 57. Kc5 g2 58. Kc6 g1R 59. Kc5 Rg2 60. Kb5 Qb1+ 61. Ka5 Ra2# 0-1